Numerical Analysis (Record no. 24758)
[ view plain ]
| 000 -LEADER | |
|---|---|
| fixed length control field | 00344nam a22001097a 4500 |
| 008 - FIXED-LENGTH DATA ELEMENTS--GENERAL INFORMATION | |
| fixed length control field | 150326b xxu||||| |||| 00| 0 eng d |
| 020 ## - INTERNATIONAL STANDARD BOOK NUMBER | |
| International Standard Book Number | 101292023589 |
| Terms of availability | Available |
| 082 ## - DEWEY DECIMAL CLASSIFICATION NUMBER | |
| Edition number | Second Edition |
| Classification number | 519.4SAU |
| Author Mark | 002815 |
| 245 ## - TITLE STATEMENT | |
| Title | Numerical Analysis |
| Statement of responsibility, etc. | Sauer Timothy |
| Medium | English |
| 250 ## - EDITION STATEMENT | |
| Edition statement | Pearson New International Edition |
| 260 ## - PUBLICATION, DISTRIBUTION, ETC. | |
| Place of publication, distribution, etc. | England |
| Name of publisher, distributor, etc. | Pearson |
| Date of publication, distribution, etc. | 2014 |
| Withdrawn status | Lost status | Source of classification or shelving scheme | Damaged status | Not for loan | Permanent Location | Current Location | Shelving location | Date acquired | Total Checkouts | Total Renewals | Full call number | Barcode | Date last seen | Date last checked out | Price effective from | Koha item type |
|---|---|---|---|---|---|---|---|---|---|---|---|---|---|---|---|---|
| Central Library (CL) | Central Library (CL) | 03/26/2015 | 2 | 1 | 519.4SAU | RCMS002815 | 07/22/2022 | 05/16/2022 | 03/26/2015 | Book |
